Exploring English character

Gardado en:
Detalles Bibliográficos
Autor Principal: Gorer, Geoffrey
Formato: Libro
Idioma:Undetermined
Publicado: New York Criterion Books 1955
Những chủ đề:
Các nhãn: Engadir etiqueta
Sen Etiquetas, Sexa o primeiro en etiquetar este rexistro!
Thư viện lưu trữ: Trung tâm Học liệu Trường Đại học Cần Thơ
LEADER 00565nam a2200205Ia 4500
001 CTU_82489
008 210402s9999 xx 000 0 und d
082 |a 914.2 
082 |b G666 
100 |a Gorer, Geoffrey 
245 0 |a Exploring English character 
245 0 |c Geoffrey Gorer 
260 |a New York 
260 |b Criterion Books 
260 |c 1955 
650 |a National characteristics, english,England 
650 |x Social life and customs 
904 |i Tuyến, QHieu 
910 |a Tuyen 
980 |a Trung tâm Học liệu Trường Đại học Cần Thơ